| 000 | 02047nam2a2200301 4500 | ||
|---|---|---|---|
| 001 | RU\NLR\BIBL_A\011509955 | ||
| 005 | 20250626082332.0 | ||
| 010 | _a978-5-87818-529-5 | ||
| 021 |
_aRU _b2017-75209 _95358 |
||
| 035 | _a(RuMoRGB)009411897 | ||
| 035 | _a(NLR Aleph) 011509955 | ||
| 090 |
_a12040628 _c12040628 |
||
| 100 | _a20171030d2017 |||y0rusy50 ca | ||
| 101 | 0 |
_arus _aeng |
|
| 102 | _aRU | ||
| 105 | _ay z 100zy | ||
| 200 | 0 | _aЧ. 2 | |
| 215 | _a254 c. | ||
| 461 | 0 |
_1001RU\NLR\BIBL_A\011509936 _12001#$aСовременная наука: теория и проблемы практического применения$eматериалы всероссийской студенческой очно-заочной научно-практической конференции с международным участием$e[в 3 частях$fответственный редактор: канд. пед. наук, доцент О.В. Крежевских]$vЧ. 2 _912040511 _cШадринск _d2017 _fответственный редактор: канд. пед. наук, доцент О.В. Крежевских] _nФГБОУ ВО "Шадринский государственный педагогический университет" _oматериалы всероссийской студенческой очно-заочной научно-практической конференции с международным участием : [в 3 частях _p29 _tСовременная наука: теория и проблемы практического применения _vЧ. 2 |
|
| 606 | 1 |
_aИностранные языки _jСъезды, совещания и т.п _xПреподавание _91409738 _3RU\NLR\AUTH\66282140 |
|
| 606 | 1 |
_aЯзыкознание _jСъезды, совещания и т.п _9911558 _3RU\NLR\AUTH\6613279 |
|
| 686 | 1 | _aЧ426.17(2)я431 | |
| 686 | 1 | _aЧ486.17(2)я431 | |
| 686 | 1 | _aШ1я431 | |
| 942 | _cBOOK | ||
| 980 | _aNB | ||